000 00576 a2200205 4500
001 63342
005 20260407155930.0
008 260407a1970 arg spa d
003 AR-UNSa-BCEJYS
040 _aAR-UNSa-BCEJYS
_bspa
_cAR-UNSa-BCEJYS
080 _a517
_xAnálisis Matemático
245 1 0 _aAnalisis Matematico 1
_pcon aplicaciones a la economía
264 1 _aBuenos Aires :
_bERGON
_c1970
300 _a51 p.
_c25 cm.
041 _aspa
942 _cBK
590 _aniveau_biblio:m niveau_hierar:0
100 1 _aDi Caro, Héctor A.
700 1 _aFoncuberta, Juan
999 _c8129
_d8129